000 01451nam a22003497a 4500
005 20240530110411.0
008 150215s2009 ua o a 001 0 ara d
017 _a2007/15256
_bمصر . دار الكتب المصرية
020 _a9771439065
040 _aEG-CaGPL
041 1 _aara
_heng
082 0 4 _221
_a608.7
_bط/ت ى
100 1 _aتوميسيك ، ستيفن . م .
245 1 0 _aيا لها من فكرة رائعة :
_bاختراعات غيرت العالم /
_cتاليف ستيفن . م . توميسيك ؛ رسوم دان ستوكنشنايدر ؛ ترجمة دعاء صلاح محمد ؛ اشراف عام داليا محمد ابراهيم
260 _aالقاهرة :
_bنهضة مصر للطباعة و النشر و التوزيع ،
_c2009
300 _a112 ص :
_bصور ؛
_c32 سم
650 0 4 _aالاختراعات
650 0 4 _aالاختراعات
_xتاريخ
650 0 4 _aالليزر
650 0 4 _aالحاسبات الالكترونية
650 0 4 _aالمفاعل النووى
650 0 4 _aالمضادات الحيوية
650 0 4 _aالصواريخ
650 0 4 _aالطائرات
650 0 4 _aالتصوير
650 0 4 _aالنقود
700 1 _aستوكنشنايدر ، دان
_eرسام
700 0 _aدعاء صلاح محمد
_eمترجم
700 0 _aداليا محمد ابراهيم
_eاشراف
942 _2ddc
_cBK
999 _c60455
_d60455